[Event "Araraquara op"]
[Site "Araraquara"]
[Date "2023.02.21"]
[Round "5.27"]
[White "Kajiwara, Flavio Toshio Prizo"]
[Black "Barbosa, Rafael Santos"]
[Result "1-0"]
[WhiteElo "1841"]
[BlackElo "1552"]
[PlyCount "73"]
[EventDate "2023.02.19"]
[EventType "swiss"]
[EventRounds "6"]
[EventCountry "BRA"]
[SourceTitle "CBM 213 Extra"]
[Source "ChessBase"]
[SourceDate "2023.05.31"]
[SourceVersion "1"]
[SourceVersionDate "2023.05.31"]
[SourceQuality "1"]

1. e4 e6 2. d4 d5 3. Nd2 dxe4 4. Nxe4 Nd7 5. Nf3 Ngf6 6. Nxf6+ Nxf6 7. g3 c5 8. Bg2 cxd4 9. Qxd4 Be7 10. Qxd8+ Bxd8 11. Be3 Nd5 12. Bc5 Be7 13. Bxe7 Kxe7 14. 0-0-0 Nb4 15. c3 Nc6 16. Nd4 Bd7 17. Rhe1 Nxd4 18. Rxd4 Bc6 19. Bxc6 bxc6 20. Red1 Rhd8 21. Kc2 Rxd4 22. Rxd4 Rd8 23. Rxd8 Kxd8 24. b4 e5 25. g4 Kc7 26. Kd3 a6 27. Ke4 f6 28. g5 Kd6 29. gxf6 gxf6 30. c4 Ke6 31. a4 f5+ 32. Kf3 Kd6 33. Kg3 Kc7 34. Kh4 Kb6 35. c5+ Kc7 36. Kg5 f4 37. Kf5 1-0

[Event "Araraquara op"]
[Site "Araraquara"]
[Date "2023.02.20"]
[Round "3.25"]
[White "Kajiwara, Flavio Toshio Prizo"]
[Black "Bastos, Ricardo Alves"]
[Result "1-0"]
[WhiteElo "1841"]
[BlackElo "1413"]
[PlyCount "35"]
[EventDate "2023.02.19"]
[EventType "swiss"]
[EventRounds "6"]
[EventCountry "BRA"]
[SourceTitle "CBM 213 Extra"]
[Source "ChessBase"]
[SourceDate "2023.05.31"]
[SourceVersion "1"]
[SourceVersionDate "2023.05.31"]
[SourceQuality "1"]

1. e4 c5 2. d4 cxd4 3. c3 e6 4. Nf3 Nc6 5. cxd4 Qc7 6. Nc3 a6 7. Be2 Bb4 8. 0-0 Bxc3 9. bxc3 Nf6 10. Bd3 0-0 11. e5 Nd5 12. Bxh7+ Kxh7 13. Ng5+ Kg8 14. Qh5 Rd8 15. Qxf7+ Kh8 16. Qh5+ Kg8 17. Qh7+ Kf8 18. Qh8+ 1-0

[Event "Hebraica op 30th"]
[Site "Hebraica"]
[Date "2023.02.10"]
[Round "1"]
[White "Michelsohn, Rafael"]
[Black "Kajiwara, Flavio Toshio Prizo"]
[Result "0-1"]
[WhiteElo "1232"]
[BlackElo "1841"]
[PlyCount "66"]
[EventDate "2023.02.10"]
[EventType "swiss"]
[EventRounds "7"]
[EventCountry "BRA"]
[SourceTitle "CBM 212 Extra"]
[Source "ChessBase"]
[SourceDate "2023.03.31"]
[SourceVersion "1"]
[SourceVersionDate "2023.03.31"]
[SourceQuality "1"]

1. e4 c5 2. Nf3 Nf6 3. d4 cxd4 4. Nxd4 Nc6 5. Nc3 e5 6. Ndb5 d6 7. Bg5 a6 8. Na3 b5 9. Nd5 Be7 10. Nxe7 Qxe7 11. c3 h6 12. Bxf6 Qxf6 13. Nc2 0-0 14. Be2 Bb7 15. 0-0 Rfd8 16. Ne3 Ne7 17. Bf3 Qf4 18. g3 Qg5 19. Nd5 Nxd5 20. exd5 f5 21. h4 Qf6 22. Qc2 e4 23. Bg2 Bxd5 24. Rfd1 Bf7 25. f3 d5 26. Rf1 Rac8 27. fxe4 dxe4 28. Bxe4 Qb6+ 29. Kh2 fxe4 30. Rxf7 Kxf7 31. Rf1+ Kg8 32. Qxe4 Rd2+ 33. Kh3 Qc6 0-1

[Event "BRA-ch Amateur U2200"]
[Site "Sao Paulo"]
[Date "2019.06.22"]
[Round "6"]
[White "Abreu, Guilherme Correa"]
[Black "Kajiwara, Flavio Toshio Prizo"]
[Result "1-0"]
[WhiteElo "1997"]
[BlackElo "1925"]
[PlyCount "92"]
[EventDate "2019.06.20"]
[EventType "swiss"]
[EventRounds "7"]
[EventCountry "BRA"]
[SourceTitle "EXT 2020"]
[Source "ChessBase"]
[SourceDate "2019.10.17"]
[SourceVersion "1"]
[SourceVersionDate "2019.10.17"]
[SourceQuality "1"]

1. d4 Nf6 2. Nf3 g6 3. c4 Bg7 4. Nc3 d6 5. e4 0-0 6. Be2 Nc6 7. 0-0 e5 8. d5 Ne7 9. Ne1 Ne8 10. Nd3 f5 11. Bd2 Nf6 12. f3 f4 13. c5 g5 14. cxd6 cxd6 15. g4 fxg3 16. hxg3 h6 17. Be3 Ng6 18. Rc1 Bd7 19. Nf2 Rf7 20. Nb5 Bxb5 21. Bxb5 Qa5 22. Qa4 Qd8 23. Rc3 Qf8 24. Be2 Nh7 25. Nh3 Rc8 26. Rfc1 Rxc3 27. Rxc3 Rxf3 28. Bxf3 Qxf3 29. Bf2 Qg4 30. Kg2 Nh4+ 31. Kh2 Nf3+ 32. Rxf3 Qxf3 33. Bxa7 Nf6 34. Nf2 Nh5 35. Qb3 Qe2 36. Qd1 Qa6 37. Bb8 Nf6 38. a4 b5 39. axb5 Qb6 40. Qc2 Qxb8 41. Qc6 Bf8 42. b6 Be7 43. b7 Bd8 44. Qc8 Qa7 45. Qxd8+ Kg7 46. Qc7+ Kg6 1-0

[Event "BRA-ch Amateur U2200"]
[Site "Sao Paulo"]
[Date "2019.06.21"]
[Round "4"]
[White "Da Conceicao, Daniel Firmino"]
[Black "Kajiwara, Flavio Toshio Prizo"]
[Result "1/2-1/2"]
[WhiteElo "1852"]
[BlackElo "1925"]
[PlyCount "64"]
[EventDate "2019.06.20"]
[EventType "swiss"]
[EventRounds "7"]
[EventCountry "BRA"]
[SourceTitle "EXT 2020"]
[Source "ChessBase"]
[SourceDate "2019.10.17"]
[SourceVersion "1"]
[SourceVersionDate "2019.10.17"]
[SourceQuality "1"]

1. e4 Nf6 2. e5 Nd5 3. d4 d6 4. c4 Nb6 5. exd6 cxd6 6. Nc3 g6 7. Be3 Bg7 8. Rc1 0-0 9. Bd3 Nc6 10. d5 Ne5 11. b3 Nxd3+ 12. Qxd3 Bf5 13. Qd2 Re8 14. Nf3 e6 15. 0-0 exd5 16. Nxd5 Nxd5 17. Qxd5 Be4 18. Qd1 Bb2 19. Nd4 Bxc1 20. Bxc1 b6 21. Qg4 Bd3 22. Rd1 Qf6 23. Be3 h5 24. Qg3 Be4 25. Bg5 Qe5 26. Bf4 Qa5 27. a4 Bb7 28. f3 d5 29. Nb5 dxc4 30. Bd2 Rad8 31. Bxa5 Rxd1+ 32. Kf2 bxa5 1/2-1/2

[Event "BRA-ch Amateur U2200"]
[Site "Sao Paulo"]
[Date "2019.06.20"]
[Round "1"]
[White "Miranda Neto, Jayme Amorim"]
[Black "Kajiwara, Flavio Toshio Prizo"]
[Result "1-0"]
[WhiteElo "2119"]
[BlackElo "1925"]
[PlyCount "71"]
[EventDate "2019.06.20"]
[EventType "swiss"]
[EventRounds "7"]
[EventCountry "BRA"]
[SourceTitle "EXT 2020"]
[Source "ChessBase"]
[SourceDate "2019.10.17"]
[SourceVersion "1"]
[SourceVersionDate "2019.10.17"]
[SourceQuality "1"]

1. d4 Nf6 2. Nf3 b6 3. Bf4 Bb7 4. h3 e6 5. e3 Be7 6. Nbd2 c5 7. c3 Nc6 8. Bd3 d6 9. Qe2 Qd7 10. 0-0 0-0 11. Rfd1 Nd5 12. Bg3 f5 13. dxc5 bxc5 14. e4 fxe4 15. Nxe4 Kh8 16. Neg5 e5 17. Bc2 Bxg5 18. Nxg5 Nf6 19. Qd3 d5 20. Nxh7 e4 21. Nxf6 exd3 22. Nxd7 dxc2 23. Rd2 Rf5 24. Nxc5 Rc8 25. b4 d4 26. cxd4 Nxb4 27. a3 Nc6 28. d5 Na5 29. Bc7 Nc6 30. Rc1 Ne7 31. d6 Nd5 32. Rcxc2 Nxc7 33. dxc7 Rf7 34. Rd8+ Kh7 35. Ne4 Rd7 36. Nd6 1-0